000 01632nam a2200433 c 4500
999 _c50474
_d50474
001 50474
003 ES-MaCES
005 20180118142932.0
007 cr |||||||||||
008 180118s2017 lu r m000 | eng d
020 _a9789289716192
020 _a9789289716185 (pdf)
040 _aES-MaCES
_bspa
_cES-MaCES
100 1 _938888
_aMullan, Jack
245 1 0 _aWorking conditions of workers of different ages
_hRecurso electrónico
_b: European working conditions survey 2015
_c[Eurofound ; authors, Jack Mullan, Oscar Vargas Llave and Mathijn Wilkens]
260 _aLuxembourg
_bPublications Office of the European Union
_c2017
300 _a1 documento pdf
_bgráf. col.
_c(3,01 mb)
500 _aEurofound: European Foundation for the Improvement of Living and Working Conditions
504 _aBibliografía: p. 70-72
541 _cGratuito
650 4 _acondiciones de trabajo
_928327
650 4 _acondiciones de empleo
_930040
650 4 _acalidad de la vida de trabajo
_930024
650 4 _asalud
_928680
650 4 _atrabajador
_928414
650 4 _agrupo de edad
_928515
650 4 _atrabajador de edad avanzada
_928410
650 4 _926752
_aUE
650 4 _929020
_apaís de la UE
650 4 _928856
_aencuesta
650 4 _931152
_a2015
653 1 0 _aEmpleo
700 1 _aVargas Llave, Oscar
_938889
700 1 _aWilkens, Mathijn
_938890
710 2 _aFundación Europea para la Mejora de las Condiciones de Vida y de Trabajo
_93819
856 4 _uhttp://biblioteca.ces.es/repintra/B50474.pdf
_ytexto completo
_z[intranet]
902 _aELE PUB. ELECTRONICA
942 _2CES
_cBK
_h2.1.